000 00625nam a22001937a 4500
005 20171116102602.0
010 _aENG-121410
020 _a9788178243887
_c895.00
035 _aEN-104942
037 _bDBAD/PUB
082 _a934.045092
100 _aLahiri,Nayanjot
245 _aAshoka in ancient India /
_cby Nayanjot Lahiri
260 _aRanikhet
_bPermanent Black
_c2017
270 _aHimalayana, Mall Road, Ranikhet Cantt.
_bRanikhet
_e263645
300 v _ax,385p. :
_c23cm(pbk)
_bill.(maps)
500 _aIncludes bibliographical references and index
942 _2ddc
_cEN
_mLAH
_h934.045092
999 _c147446
_d147446